| 000 | 01347nam0a22003491 4500 | ||
|---|---|---|---|
| 001 | RU\INFOCOMM_327\NLR\5000010890 | ||
| 005 | 20260407072223.0 | ||
| 010 |
_95230 экз. _a5-05-000441-1 |
||
| 035 | _a(NLR Aleph) 009514595 | ||
| 090 |
_a8788209 _c8788209 |
||
| 100 | _a20121210d1985 |||y0rusy50 ca | ||
| 101 | 1 |
_ager _crus |
|
| 102 | _aRU | ||
| 105 | _ay z ||||| | ||
| 200 | 1 |
_aMuseumsreservat Kolomenskoje _eReiseführer _f[Кол. авт. под руководством А. Бродской _gAus dem Russ. von Rita Schick] |
|
| 210 |
_aM. _cRaduga _d1985 |
||
| 215 |
_a134 с. _cил., цв. ил., факс. _d17 см |
||
| 225 | 1 | _aReiseführer | |
| 300 | _aНа обороте тит. л.: Музей-заповедник "Коломенское": Путеводитель | ||
| 300 | _aАвт. указан в вып. дан. | ||
| 601 | 0 | 2 |
_a"Коломенское", музей _2nlr_sh1 |
| 620 | _aМосква | ||
| 686 |
_aЩ113(2Р=Р)92Москва9Коломенское _2rubbk |
||
| 702 | 1 |
_9z01790 _aBrodskaja _bA. _4340 |
|
| 710 | 0 | 2 |
_8ger _a"Kolomenskoje", Museumsreservat _cMoskau _7ba _3RU\NLR\AUTH\8810035996 _9570540 |
| 790 | 1 |
_9z01702 _aБродская _bА. _4340 |
|
| 801 | 1 |
_aRU _bNLR _c20121210 |
|
| 801 | 0 |
_aRU _bINFOCOMM _gPSBO |
|
| 852 |
_aNLR _jИс21 Д-1/32 |
||
| 942 | _cBOOK | ||
| 980 | _aNB | ||